000 00563nam a2200193Ia 4500
005 20260120124625.0
008 008 260114s9999 xx 000 0 eng d
020 _a9780762311842
037 _aEBOOK
040 _aCRL
_beng
_cCRL
041 _aeng
_2eng
084 _qCRL
245 0 _aMulti-Level Issues in Strategy and Methods
260 _bEmerald Publishing
_c2005
700 _aFrancis J. Yammarino
_9908520
856 _uhttps://www.emerald.com/insight/publication/doi/10.1016/S1475-9144(2005)4
942 _cEBOOK
999 _c1500415
_d1500415